| 000 | 02794cam a2200541 a 4500 | ||
|---|---|---|---|
| 999 |
_c27477 _d27477 |
||
| 001 | ocn556347515 | ||
| 003 | OCoLC | ||
| 005 | 20240801181425.0 | ||
| 006 | m o d | ||
| 007 | cr bn||||||abp | ||
| 007 | cr bn||||||ada | ||
| 008 | 100315s1990 enka o 001 0 eng d | ||
| 020 |
_a9781483102221 _q(electronic bk.) |
||
| 020 |
_a148310222X _q(electronic bk.) |
||
| 020 | _z0434901180 | ||
| 020 | _z9780434901180 | ||
| 035 |
_a(OCoLC)556347515 _z(OCoLC)646713980 _z(OCoLC)896842625 _z(OCoLC)931997144 _z(OCoLC)974274530 _z(OCoLC)974619385 _z(OCoLC)974670778 _z(OCoLC)1004383026 _z(OCoLC)1005803040 _z(OCoLC)1008949997 _z(OCoLC)1044406230 _z(OCoLC)1056504332 _z(OCoLC)1066434334 _z(OCoLC)1075345013 _z(OCoLC)1100851543 _z(OCoLC)1103546730 _z(OCoLC)1153527844 _z(OCoLC)1224915519 _z(OCoLC)1240536473 _z(OCoLC)1297849003 _z(OCoLC)1298250770 |
||
| 040 |
_aOCLCE _beng _epn _cOCLCE _dOCLCQ _dUIU _dOCLCF _dN$T _dE7B _dYDXCP _dUMI _dOCLCQ _dCOO _dDEBBG _dVT2 _dCEF _dWYU _dUKAHL _dUAB _dLUN _dOCLCQ _dOCLCO _dS2H _dOCLCO _dOCLCQ _dOCLCO _dOCLCL |
||
| 042 | _adlr | ||
| 050 | 4 |
_aVK560 _b.B55 1990 |
|
| 072 | 7 |
_aTEC _x025000 _2bisacsh |
|
| 082 | 0 | 4 |
_a623.89/33 _220 |
| 084 |
_a55.40 _2bcl |
||
| 100 | 1 |
_aBole, A. G. _q(Alan G.) _1https://id.oclc.org/worldcat/entity/E39PCjKm3whd4myR34CyV3kTRC |
|
| 245 | 1 | 0 |
_aRadar and ARPA manual / _cA.G. Bole, W.O. Dineley. |
| 260 |
_aOxford : _bHeinemann Newnes, _c1990. |
||
| 300 |
_a1 online resource (xi, 416 pages) : _billustrations |
||
| 336 |
_atext _btxt _2rdacontent |
||
| 337 |
_acomputer _bc _2rdamedia |
||
| 338 |
_aonline resource _bcr _2rdacarrier |
||
| 506 |
_3Use copy _fRestrictions unspecified _5MiAaHDL _2star |
||
| 533 |
_aElectronic reproduction. _b[Place of publication not identified] : _cHathiTrust Digital Library, _d2010. _5MiAaHDL |
||
| 538 |
_aMaster and use copy. Digital master created according to Benchmark for Faithful Digital Reproductions of Monographs and Serials, Version 1. Digital Library Federation, December 2002. _uhttp://purl.oclc.org/DLF/benchrepro0212 _5MiAaHDL |
||
| 583 | 1 |
_adigitized _c2010 _hHathiTrust Digital Library _lcommitted to preserve _5MiAaHDL _2pda |
|
| 588 | 0 | _aPrint version record. | |
| 650 | 0 | _aRadar in navigation. | |
| 650 | 6 |
_aRadar en navigation. _0(CaQQLa)201-0037263 |
|
| 650 | 7 |
_aTECHNOLOGY & ENGINEERING _xMilitary Science. _2bisacsh |
|
| 650 | 7 |
_aRadar in navigation _2fast _0(OCoLC)fst01086787 |
|
| 650 | 1 | 7 |
_aScheepvaart. _2gtt |
| 650 | 1 | 7 |
_aNavigatie. _2gtt |
| 650 | 1 | 7 |
_aRadar. _2gtt |
| 653 |
_aShips _aAutomatic radar plotting aids _aUse |
||
| 700 | 1 | _aDineley, W. O. | |
| 776 | 0 | 8 |
_iPrint version: _aBole, A.G. (Alan G.). _tRadar and ARPA manual. _dOxford : Heinemann Newnes, 1990 _w(DLC) 90213384 _w(OCoLC)24219383 |
| 856 | 4 | 0 |
_3ScienceDirect _uhttps://www.sciencedirect.com/science/book/9780434901180 |
| 942 |
_2ddc _cEBK |
||